000
00298nam a2200121Ia 4500
008
190216s9999||||xx |||||||||||||| ||und||
100
_a
Agarwal Op
245
0
_a
Clerks Grade Examination
260
_b
"Avadh Prakashan , Agra"
_c
1985
300
_a
248p
650
_a
Clerks Grade Exam
942
_c
REF
999
_c
35649
_d
35649